| 000 | 01788nam a22002897a 4500 | ||
|---|---|---|---|
| 008 | 090120t xxu||||| |||| 00| 0 eng d | ||
| 010 | _aB-329539-543 | ||
| 020 |
_a8188236317 _c120.00 |
||
| 035 | _aB-329539-543 | ||
| 037 | _bVandana Book Agency | ||
| 040 |
_aDPL _bEnglish |
||
| 082 | _2S | ||
| 100 | _aJafa, Manorama | ||
| 245 |
_aPopo's tail / _cby Manorma Jafa; illustrated by Lena Weyer |
||
| 260 |
_aNew Delhi _bKhaas Kitaab Foundation _c2005 |
||
| 270 |
_a205, Gulmohar Enclave _bNew Delhi _e1100149 _mvjaa@bol.net.in |
||
| 300 |
_aunpaged _bill. _c21cm. (pbk) |
||
| 650 | _aStories | ||
| 700 | _aWeyer, Lena | ||
| 942 |
_2ddc _cCH _hS _mJAF |
||
| 999 |
_c22015 _d22015 |
||